Wicked Characters - Statistics

General Stats
  • This quiz has been taken 828 times
  • The average score is 7 of 9
Answer Stats
Hint Answer % Correct
Your favourite green wicked witch Elphaba
99%
The good witch Galinda
95%
Munchkin that is in love with the good witch Boq
84%
Sister of the wicked witch Nessarose
81%
Heart throb prince at Shiz University Fiyero
79%
Goat that teaches history at Shiz Dr. Dillamond
63%
Shiz headmistress Madame Morrible
63%
Man in charge in Oz the Wizard of Oz
61%
Flying monkey that learns to talk Chistery
27%
No matching quizzes found
Score Distribution
Percent of People with Each Score
Percentile by Number Answered
Your Score History
You have not taken this quiz